Statistics for Richest Royals

Click here to take the quiz!

General Stats

  • This quiz has been taken 146 times
  • The average score is 5 of 10

Answer Stats

ValueMonarch% Correct
$18 billionKing of Saudi Arabia
87%
$20 billionSultan of Brunei
82%
$2.4 billionEmir of Qatar
75%
$30 billionKing of Thailand
63%
$0.7 billionSultan of Oman
60%
$2.5 billionKing of Morocco
39%
$1.0 billionPrince of Morocco
39%
$3.5 billionPrince of Liechtenstein
34%
$4.5 billionEmir Sheikh of Dubai
25%
$15 billionEmir of Abu Dhabi
20%

Score Distribution

Percentile by Number Answered

Percent of People with Each Score

Your Score History

You have not taken this quiz